000 00877cab a2200241 4500
001 WB2640-45
008 090401t1990 xxu||||| |||| 00| 0 eng d
035 _a(Sirsi) u18611
041 _aeng
245 _aRICS offers counselling to redundant professionals
260 _c1990
350 _a0
490 _aChartered Surveyor Weekly
_vvol 33 no 2 11/10/90 p6&8
490 _aFinancial Times
_v11/10/90 p8
520 _aRICS is offering counselling services to professionals facing redundancy , particularly graduates in the run-up period to their TPC. Recent redundancies include 40 jobs lost with the closure of Edward Erdmans `s City office.
650 _aABOUT RICS-RICS MEMBERS
650 _aEMPLOYMENT
650 _aPROPERTY MARKET
650 _aSLUMP
690 _aMANAGEMENT-BUSINESS MANAGEMENT-PROFESSIONAL PRACTICE
942 _n0
948 _c04/03/1997
999 _c12386
_d12386